Kaliveedu (Record no. 138107)

MARC details
000 -LEADER
fixed length control field 00567nam a22002177a 4500
003 - CONTROL NUMBER IDENTIFIER
control field OSt
005 - DATE AND TIME OF LATEST TRANSACTION
control field 20260430121638.0
008 - FIXED-LENGTH DATA ELEMENTS--GENERAL INFORMATION
fixed length control field 260430b |||||||| |||| 00| 0 eng d
020 ## - INTERNATIONAL STANDARD BOOK NUMBER
International Standard Book Number 81-264-0415-9
040 ## - CATALOGING SOURCE
Transcribing agency SBCL
082 ## - DEWEY DECIMAL CLASSIFICATION NUMBER
Classification number 894.8123
Item number VAS-K
100 ## - MAIN ENTRY--PERSONAL NAME
Personal name Vasudevan Nair, M.T.
245 ## - TITLE STATEMENT
Title Kaliveedu
250 ## - EDITION STATEMENT
Edition statement 18 th ed.
260 ## - PUBLICATION, DISTRIBUTION, ETC.
Place of publication, distribution, etc. Kottayam
Name of publisher, distributor, etc. D C Books-Current Books
Date of publication, distribution, etc. 2026
300 ## - PHYSICAL DESCRIPTION
Extent 48 p.
630 ## - SUBJECT ADDED ENTRY--UNIFORM TITLE
General subdivision Literature & rhetoric
650 ## - SUBJECT ADDED ENTRY--TOPICAL TERM
Topical term or geographic name entry element Literatures of other languages
650 ## - SUBJECT ADDED ENTRY--TOPICAL TERM
Topical term or geographic name entry element Altaic, Uralic, Hyperborean & Dravidian
942 ## - ADDED ENTRY ELEMENTS (KOHA)
Koha item type BOOK
Holdings
Withdrawn status Lost status Source of classification or shelving scheme Damaged status Not for loan Collection code Home library Current library Date acquired Total Checkouts Full call number Barcode Shelving location Date last seen Cost, replacement price Price effective from Koha item type
    Dewey Decimal Classification     Malayalam Department SB LIBRARY SB LIBRARY 30/04/2026   894.8123 VAS-K 143280 GENERAL STACK 30/04/2026 70.00 30/04/2026 BOOK

Powered by Koha